000 00682nam a2200217 a 4500
001 58412
003 BD-RjUL
005 20211209080622.0
008 161218s1937 enk||||| |||| 00| 0 eng d
035 _a(BD-RjUL)58536
040 _aBD-RjUL
_beng
_cBD-RjUL
041 _aeng
082 _223
_a923.242
_bBAS 1937
100 _a Baldwin, Stanley
_9173484
245 _aService of our lives :
_blast speeches as prime minister /
_c Stanley Baldwin
260 _aLondon :
_bHodder & Stoughton,
_c1937.
300 _aviii, 167 p. ;
_c22 cm.
600 _aBaldwin, Stanley Baldwin
_d1867-1947
_x Ear
_9173485
651 _aGreat Britain
_xCivilization.
_9173486
942 _2ddc
_cBK
999 _c58412
_d58412